Best of Detail : (Record no. 607815)

000 -LEADER
fixed length control field 01061cam a22003257i 4500
001 - CONTROL NUMBER
control field 19221161
003 - CONTROL NUMBER IDENTIFIER
control field OSt
005 - DATE AND TIME OF LATEST TRANSACTION
control field 20240216111031.0
008 - FIXED-LENGTH DATA ELEMENTS--GENERAL INFORMATION
fixed length control field 160808t20162016gw a 000 0 ger d
010 ## - LIBRARY OF CONGRESS CONTROL NUMBER
LC control number 2015431787
020 ## - INTERNATIONAL STANDARD BOOK NUMBER
International Standard Book Number 9783955532864
020 ## - INTERNATIONAL STANDARD BOOK NUMBER
International Standard Book Number 3955532860
035 ## - SYSTEM CONTROL NUMBER
System control number (OCoLC)ocn931648117
040 ## - CATALOGING SOURCE
Original cataloging agency BTCTA
Language of cataloging eng
Transcribing agency BTCTA
Description conventions rda
Modifying agency YDXCP
-- OCLCQ
-- BUF
-- HEBIS
-- OCLCF
-- ZWZ
-- DLC
042 ## - AUTHENTICATION CODE
Authentication code lccopycat
050 00 - LIBRARY OF CONGRESS CALL NUMBER
Classification number NA4125
Item number .B44 2016
082 ## - DEWEY DECIMAL CLASSIFICATION NUMBER
Classification number 693.5
Author Mark BES
245 00 - TITLE STATEMENT
Title Best of Detail :
Remainder of title Beton concrete.
250 ## - EDITION STATEMENT
Edition statement First edition.
260 ## - PUBLICATION, DISTRIBUTION, ETC.
Place of publication, distribution, etc. Berlin,
Date of publication, distribution, etc. 2016.
300 ## - PHYSICAL DESCRIPTION
Extent 199 pages :
Other physical details illustrations ;
Dimensions 31 cm
500 ## - GENERAL NOTE
General note This publication is based on articles published in the journal Detail between 2012 and 2015.
650 #0 - SUBJECT ADDED ENTRY--TOPICAL TERM
Topical term or geographic name entry element Concrete construction.
9 (RLIN) 9405
650 #0 - SUBJECT ADDED ENTRY--TOPICAL TERM
Topical term or geographic name entry element Concrete.
9 (RLIN) 9406
650 #0 - SUBJECT ADDED ENTRY--TOPICAL TERM
Topical term or geographic name entry element Building materials.
9 (RLIN) 9407
700 1# - ADDED ENTRY--PERSONAL NAME
Personal name Schittich, Christian,
Relator term editor.
9 (RLIN) 31951
906 ## - LOCAL DATA ELEMENT F, LDF (RLIN)
a 7
b cbc
c copycat
d 3
e ncip
f 20
g y-gencatlg
942 ## - ADDED ENTRY ELEMENTS (KOHA)
Source of classification or shelving scheme
Koha item type Book
Institution code [OBSOLETE] SADA
Call number prefix 693.5 BES 2016.
Holdings
Withdrawn status Lost status Source of classification or shelving scheme Damaged status Not for loan Permanent Location Current Location Date acquired Source of acquisition Total Checkouts Full call number Barcode Date last seen Cost, replacement price Price effective from Koha item type
          School of Art Design and Architecture (SADA) School of Art Design and Architecture (SADA) 06/12/2017 Multiline   693.5 BES 2016. SADA0002734 02/16/2024 5029.20 02/16/2024 Book
© 2023 Central Library, National University of Sciences and Technology. All Rights Reserved.